NFL Players you didn't know played for the Texans - Statistics

General Stats
  • This quiz has been taken 9 times
  • The average score is 4 of 11
Answer Stats
Pos. Known For Player % Correct
S BAL Ed Reed
88%
WR NEP Danny Amendola
63%
RB NOS Mark Ingram
50%
S ARI and KAN Tyrann Mathieu
50%
DT NEP Vince Wilfork
50%
RB GBP Ahman Green
25%
WR DEN Demaryius Thomas
25%
QB BUF Tyrod Taylor
25%
QB CAR Jake Delhomme
13%
OT JAX Tony Boselli
13%
WR TEN and BAL Derrick Mason
0%
No matching quizzes found
Score Distribution
Percent of People with Each Score
Percentile by Number Answered
Your Score History
You have not taken this quiz